| 000 | 00450nam a22001577a 4500 | ||
|---|---|---|---|
| 008 | 241021b |||||||| |||| 00| 0 eng d | ||
| 020 |
_a9780121551421 _qPB |
||
| 041 | _aEnglish | ||
| 082 |
_a616.079 _bFIT |
||
| 100 | _aFitzgerald, Katherine A | ||
| 245 |
_aThe Cytokine Factsbook and Webfacts _cKatherine A . Fitzgerald |
||
| 250 | _a2 | ||
| 260 |
_aUK _bAcademic Press Inc _c2001 |
||
| 300 |
_a515 P. _c15.24 x 3.02 x 23.88 cm |
||
| 942 | _cENGLISH | ||
| 999 |
_c565482 _d565482 |
||